Financial Accounting for BBA (Record no. 5956)

MARC details
000 -LEADER
fixed length control field 00322nam a2200145Ia 4500
003 - CONTROL NUMBER IDENTIFIER
control field OSt
008 - FIXED-LENGTH DATA ELEMENTS--GENERAL INFORMATION
fixed length control field 191201s2012 xx 000 0 und d
082 ## - DEWEY DECIMAL CLASSIFICATION NUMBER
Classification number 657.3
Item number GOF
100 ## - MAIN ENTRY--PERSONAL NAME
Personal name GOYAL, V K
245 #0 - TITLE STATEMENT
Title Financial Accounting for BBA
260 ## - PUBLICATION, DISTRIBUTION, ETC. (IMPRINT)
Place of publication, distribution, etc New Delhi
Name of publisher, distributor, etc PHI
Date of publication, distribution, etc 2012
300 ## - PHYSICAL DESCRIPTION
Extent 587
650 ## - SUBJECT ADDED ENTRY--TOPICAL TERM
Topical term or geographic name as entry element BBA
942 ## - ADDED ENTRY ELEMENTS (KOHA)
Source of classification or shelving scheme Dewey Decimal Classification
Koha item type Text Books
Holdings
Withdrawn status Lost status Source of classification or shelving scheme Damaged status Not for loan Collection code Home library Current library Date acquired Source of acquisition Cost, normal purchase price Bill Number Total Checkouts Full call number Acc. no. / Barcode Date last seen Actual Cost, discounted price Bill Date Koha item type Date last borrowed Public note
    Dewey Decimal Classification     BBA PIET C-LIBRARY PIET C-LIBRARY 26/07/2014 Orange Books International 375.00 4542   657.3 GOF 24538 04/12/2019 262.50 23/07/2014 Reference Books    
    Dewey Decimal Classification     BBA PIET C-LIBRARY PIET C-LIBRARY 26/07/2014 Orange Books International 375.00 4542 7 657.3 GOF 24539 26/11/2025 262.50 23/07/2014 Text Books 14/11/2025  
    Dewey Decimal Classification     BBA PIET C-LIBRARY PIET C-LIBRARY 26/07/2014 Orange Books International 375.00 4542 7 657.3 GOF 24540 27/11/2025 262.50 23/07/2014 Text Books 14/11/2025  
    Dewey Decimal Classification     BBA PIET C-LIBRARY PIET C-LIBRARY 26/07/2014 Orange Books International 375.00 4542 5 657.3 GOF 24541 27/01/2026 262.50 23/07/2014 Text Books 22/08/2025 .
    Dewey Decimal Classification     BBA PIET C-LIBRARY PIET C-LIBRARY 26/07/2014 Orange Books International 375.00 4542 7 657.3 GOF 24542 08/12/2025 262.50 23/07/2014 Text Books 27/11/2025  

Design & Developed by: PIET Central Library
R70 Miles Stone Pattikalyana Samalkha Panipat 132102
mail ID :- [email protected], Phone No:- 0180-2569700 Ex.216